| 000 -LEADER |
| fixed length control field |
01063cam a2200241 i 4500 |
| 003 - CONTROL NUMBER IDENTIFIER |
| control field |
OSt |
| 005 - DATE AND TIME OF LATEST TRANSACTION |
| control field |
20200312091917.0 |
| 008 - FIXED-LENGTH DATA ELEMENTS--GENERAL INFORMATION |
| fixed length control field |
140103t20152015njua 001 0 eng |
| 020 ## - INTERNATIONAL STANDARD BOOK NUMBER |
| International Standard Book Number |
9781118615904 (cloth : acidfree paper) |
| 040 ## - CATALOGING SOURCE |
| Original cataloging agency |
DLC |
| Language of cataloging |
eng |
| Description conventions |
rda |
| Transcribing agency |
DLC |
| Modifying agency |
DLC |
| 082 00 - DEWEY DECIMAL CLASSIFICATION NUMBER |
| Classification number |
696 |
| Edition number |
23 |
| Item number |
GRO |
| 100 1# - MAIN ENTRY--PERSONAL NAME |
| Personal name |
Grondzik, Walter T., |
| Relator term |
author. |
| 245 10 - TITLE STATEMENT |
| Title |
Mechanical and electrical equipment for buildings / |
| Statement of responsibility, etc |
Walter T. Grondzik, Architectural Engineer, Ball State University, Alison G. Kwok, Professor of Architecture, University of Oregon. |
| 250 ## - EDITION STATEMENT |
| Edition statement |
Twelfth edition. |
| 300 ## - PHYSICAL DESCRIPTION |
| Extent |
xxiv, 1828 pages : |
| Other physical details |
illustrations ; |
| Dimensions |
26 cm |
| 500 ## - GENERAL NOTE |
| General note |
Includes index. |
| 650 #0 - SUBJECT ADDED ENTRY--TOPICAL TERM |
| Topical term or geographic name as entry element |
Buildings |
| General subdivision |
Mechanical equipment. |
| 650 #0 - SUBJECT ADDED ENTRY--TOPICAL TERM |
| Topical term or geographic name as entry element |
Buildings |
| General subdivision |
Electric equipment. |
| 650 #0 - SUBJECT ADDED ENTRY--TOPICAL TERM |
| Topical term or geographic name as entry element |
Buildings |
| General subdivision |
Environmental engineering. |
| 700 1# - ADDED ENTRY--PERSONAL NAME |
| Personal name |
Kwok, Alison G., |
| Relator term |
author. |
| 776 08 - ADDITIONAL PHYSICAL FORM ENTRY |
| Display text |
Online version: |
| Main entry heading |
Grondzik, Walter T., author. |
| Title |
Mechanical and electrical equipment for buildings |
| Edition |
12E. |
| Place, publisher, and date of publication |
Hoboken, New Jersey : John Wiley & Sons, Inc., 2014 |
| International Standard Book Number |
9781118862285 |
| Record control number |
(DLC) 2014000669 |
| 942 ## - ADDED ENTRY ELEMENTS (KOHA) |
| Source of classification or shelving scheme |
|